Program znižovania rizikových pracovísk a počtu pracovníkov na rizikových pracoviskách vo VHJ do r. 1995 záverečná práca postgraduálneho štúdia

Salvato in:
Dettagli Bibliografici
Autore principale: Králik, Jozef
Ente Autore: Vysoká škola ekonomická v Bratislave
Altri autori: Bartek, Karol
Natura: Libro
Lingua:slovacco
Pubblicazione: Bratislava 1985
Tags: Aggiungi Tag
Nessun Tag, puoi essere il primo ad aggiungerne!!

MARC

LEADER 00000nam a2200000 4500
001 c023105
005 20221220080123.6
041 0 |a slo 
044 |a SK 
245 1 0 |a Program znižovania rizikových pracovísk a počtu pracovníkov na rizikových pracoviskách vo VHJ do r. 1995  |b záverečná práca postgraduálneho štúdia  |c Jozef Králik ; Ved. práce Karol Bartek 
264 1 |a Bratislava  |c 1985 
300 |a 43 s. 
100 1 |a Králik, Jozef 
700 1 |a Bartek, Karol 
710 2 |a Vysoká škola ekonomická v Bratislave